Films commençant par N par images - Statistiques

Statistiques générales
  • Ce quiz a été pris 1 054 fois
  • Le résultat moyen est 5 sur 24
Statistiques - réponses
Par images Réponse % Correct
Nanny McPhee
69%
Neuilly sa mère
64%
Nos jours heureux
61%
Nos étoiles contraires
54%
Nosferatu le vampire
41%
N'oublie Jamais
31%
No Country for Old Men
29%
Nos pires voisins
27%
Nikita
26%
Novembre
26%
Nymphomaniac
15%
Nous finirons ensemble
14%
Numéro 9
12%
Night Call
8%
Nous trois ou rien
7%
Nuit et Brouillard
7%
Nomadland
6%
Neverland
4%
Le Nom des Gens
3%
Naissance des Pieuvres
3%
La Nuit du 12
2%
Nos 18 ans
2%
Never Let Me Go
0%
Nos années folles
0%
Aucun quiz correspondant
Distribution des résultats
% des personnes avec chaque résultat
Percentile par nombre de réponses
Votre historique - résultats
Vous n’avez pas pris ce quiz